Solaris /

Saved in:
Bibliographic Details
Main Author: Lem, Stanisław
Format: Book
Language:English
Published: London : Faber, 1971.
LEADER 00790nam a2200217 a 4500
001 c000122460
003 CARM
005 19940503000000.0
008 910130s1971 enk 000 1 eng d
019 1 |a 7696473  |z 26315125  |z 45100215  |5 LACONCORD2021 
020 |a 0571092055 
035 |a (OCoLC)895363  |5 LACONCORD2021 
040 |a NMCL  |b eng  |c NMCL  |d VDU 
100 1 |a Lem, Stanisław. 
245 1 0 |a Solaris /  |c Stanislaw Lem; translated by Joanna Kilmartin and Steve Cox. 
260 |a London :  |b Faber,  |c 1971. 
300 |a 216 p. ;  |c 21 cm. 
852 8 |b CARM  |h A2:AG25G0  |i A01369  |p 0117408  |f BK 
082 0 |a 891.85 
999 f f |i 11c36131-1e5a-55f7-961b-f223c1fd5224  |s 8fb8c596-860a-5753-9a69-65db01fce7e9 
952 f f |p Can circulate  |a CAVAL  |b CAVAL  |c CAVAL  |d CARM 1 Store  |e A01369  |f A2:AG25G0  |h Other scheme  |i book  |m 0117408